Mark Ambor - Rockwood Sudden Death - Statistics

General Stats
  • This quiz has been taken 7 times
  • The average score is 3 of 12
Answers on the Grid
Answers color-coded by a green-red scale on the quiz's grid according to % correct below.
Rockwood
Good To Be
Waves
Someone That's Better
Who Knows
Hate That I Still Love You
Don't You Worry
Academy Street
Company
Belong Together
Second Best
Closer To Me
Bruises and Stains
My Love!
Hair Toss, Arms Crossed
The Long Way
Our Way
I Hope It All Works Out
Sky Is The Limit
Under The Willow
 
Answer Stats
Answer % Correct
Good To Be
100%
Rockwood
100%
Someone That's Better
50%
Academy Street
0%
Belong Together
0%
Bruises and Stains
0%
Hate That I Still Love You
0%
I Hope It All Works Out
0%
My Love!
0%
Our Way
0%
Second Best
0%
Under The Willow
0%
No matching quizzes found
Score Distribution
Percent of People with Each Score
Percentile by Number Answered
Your Score History
You have not taken this quiz